[Event "Voronezh op-B 20th"]
[Site "Voronezh"]
[Date "2016.06.18"]
[Round "6"]
[White "Agibalov, Roman"]
[Black "Jabborberganov, Dilmurod"]
[Result "1-0"]
[WhiteElo "1745"]
[BlackElo "1562"]
[PlyCount "71"]
[EventDate "2016.06.12"]
[EventType "swiss"]
[EventRounds "9"]
[EventCountry "RUS"]
[SourceTitle "EXT 2017"]
[Source "ChessBase"]
[SourceDate "2016.10.25"]
[SourceVersion "1"]
[SourceVersionDate "2016.10.25"]
[SourceQuality "1"]

1. d4 Nf6 2. Nf3 e6 3. c4 Bb4+ 4. Bd2 Qe7 5. a3 Bxd2+ 6. Nbxd2 d6 7. e4 e5 8. d5 Nbd7 9. b4 c5 10. Be2 h6 11. 0-0 g5 12. Ne1 h5 13. Nd3 b6 14. Qa4 0-0 15. bxc5 Nxc5 16. Nxc5 bxc5 17. Rab1 Kg7 18. Qc6 Bd7 19. Qc7 Rfc8 20. Qb7 Qd8 21. Qa6 Be8 22. Rb7 Rc7 23. Rfb1 Qc8 24. Qxd6 Rxb7 25. Rxb7 Qxb7 26. Qxe5 Qb6 27. Qxg5+ Kf8 28. Qh6+ Ke7 29. e5 Nd7 30. d6+ Kd8 31. Qg5+ Kc8 32. Qxh5 Qb2 33. Qf3 Nb6 34. e6 Qxd2 35. exf7 Bxf7 36. Qc6+ 1-0